[Event "Rowy Seniors op 7th"]
[Site "Rowy"]
[Date "2003.09.05"]
[Round "6"]
[White "Zagorski, Jozef"]
[Black "Zasztowt, Helena"]
[Result "1/2-1/2"]
[WhiteElo "1801"]
[BlackElo "1800"]
[PlyCount "56"]
[EventDate "2003.08.??"]
[EventType "swiss"]
[EventRounds "9"]
[EventCountry "POL"]
[SourceTitle "EXT 2006"]
[Source "ChessBase"]
[SourceDate "2005.11.24"]
[SourceVersion "1"]
[SourceVersionDate "2005.11.24"]
[SourceQuality "1"]

1. d4 d5 2. c4 e6 3. Nc3 Bb4 4. Qb3 Bxc3+ 5. Qxc3 Nf6 6. Bg5 c6 7. Bxf6 Qxf6 8. Nf3 Nd7 9. e3 0-0 10. Be2 dxc4 11. Bxc4 Nb6 12. Be2 Rd8 13. 0-0 Qe7 14. Rac1 Nd5 15. Qc2 f5 16. Bc4 Kh8 17. Bxd5 exd5 18. Ne5 Be6 19. a3 Rac8 20. Qc5 Qxc5 21. Rxc5 Rf8 22. f4 g6 23. b4 Kg7 24. Rfc1 a6 25. R1c2 Kf6 26. Kf2 h6 27. g3 g5 28. h3 Rg8 1/2-1/2

[Event "Rowy Seniors op 7th"]
[Site "Rowy"]
[Date "2003.09.04"]
[Round "5"]
[White "Szczepaniec, Stanislaw"]
[Black "Zagorski, Jozef"]
[Result "1-0"]
[WhiteElo "2085"]
[BlackElo "1801"]
[PlyCount "37"]
[EventDate "2003.08.??"]
[EventType "swiss"]
[EventRounds "9"]
[EventCountry "POL"]
[SourceTitle "EXT 2006"]
[Source "ChessBase"]
[SourceDate "2005.11.24"]
[SourceVersion "1"]
[SourceVersionDate "2005.11.24"]
[SourceQuality "1"]

1. c4 e6 2. Nf3 d5 3. g3 Nf6 4. Bg2 Be7 5. 0-0 0-0 6. d4 dxc4 7. Qc2 c6 8. Qxc4 Nbd7 9. Rd1 Qa5 10. Qc2 Qh5 11. Nc3 h6 12. e4 Re8 13. h3 Nf8 14. a3 Bd8 15. Be3 N8d7 16. Rac1 Nb6 17. Ne5 Nfd7 18. Bf3 Qxh3 19. Bg4 1-0

[Event "Rowy Seniors op 7th"]
[Site "Rowy"]
[Date "2003.09.03"]
[Round "4"]
[White "Zagorski, Jozef"]
[Black "Zarow, Elzbieta"]
[Result "1-0"]
[WhiteElo "1801"]
[BlackElo "1600"]
[PlyCount "77"]
[EventDate "2003.08.??"]
[EventType "swiss"]
[EventRounds "9"]
[EventCountry "POL"]
[SourceTitle "EXT 2006"]
[Source "ChessBase"]
[SourceDate "2005.11.24"]
[SourceVersion "1"]
[SourceVersionDate "2005.11.24"]
[SourceQuality "1"]

1. d4 d5 2. Nf3 Nc6 3. Bf4 Nf6 4. e3 Nh5 5. Be5 e6 6. Bb5 Bd7 7. Qe2 a6 8. Bxc6 Bxc6 9. Nbd2 Nf6 10. a4 Bd6 11. Bxd6 Qxd6 12. Nb3 b6 13. Nfd2 0-0 14. Nf3 Qb4+ 15. Qd2 Qd6 16. Ne5 Ne4 17. Qd1 f6 18. Nxc6 Qxc6 19. 0-0 Rad8 20. c3 f5 21. Nc1 Rf6 22. Nd3 Rh6 23. Ne5 Qe8 24. Qe2 a5 25. c4 Qf8 26. cxd5 Rxd5 27. f3 Nf6 28. Nd3 Qd6 29. Nf4 g5 30. Nxd5 Qxh2+ 31. Kf2 Qh4+ 32. g3 Qh2+ 33. Ke1 Qxg3+ 34. Qf2 Qxf2+ 35. Kxf2 Nxd5 36. Rh1 Rg6 37. Rac1 g4 38. fxg4 fxg4 39. Ke2 1-0